Statistics for Countries passed on Longest Air Routes

Click here to take the quiz!

General Stats

  • This quiz has been taken 32 times
  • The average score is 44 of 74

Answer Stats

City/CountryCity/CountryCity/CountryCity/CountryCity/CountryCity/Country% Correct
AtlantaUnited States
100%
JohannesburgSouth Africa....
88%
New YorkUnited States
81%
Botswana
73%
Namibia
73%
ManilaPhilippines
73%
DallasUnited States
73%
HoustonUnited States
73%
Los AngelesUnited States
73%
SydneyAustralia
69%
PerthAustralia
69%
Australia
69%
SydneyAustralia
69%
Malaysia
69%
Mexico
69%
Mexico
69%
AucklandNew Zealand
69%
Philippines
69%
SingaporeSingapore
69%
DubaiUnited Arab Emirates
69%
LondonUnited Kingdom
69%
Canada
65%
China
65%
AucklandNew Zealand
65%
Oman
65%
Russia
65%
NewarkUnited States
65%
Australia
62%
Belgium
62%
India
62%
India
62%
Netherlands
62%
North Korea
62%
South Korea
62%
Sri Lanka
62%
Canada
58%
Czech Republic
58%
Germany
58%
Samoa
58%
SingaporeSingapore
58%
Slovakia
58%
Belgium
54%
India
54%
Iran
54%
Malaysia
54%
Netherlands
54%
Pakistan
54%
DohaQatar
54%
Romania
54%
Russia
54%
Sri Lanka
54%
Ukraine
54%
Armenia
50%
Azerbaijan
50%
Georgia
50%
Moldova
50%
Oman
50%
Turkey
50%
Ukraine
50%
United Arab Emirates
50%
Armenia
46%
Armenia
46%
Armenia
46%
Azerbaijan
46%
Azerbaijan
46%
Azerbaijan
46%
Cambodia
46%
Russia
46%
Thailand
46%
China
42%
Laos
42%
Mongolia
42%
Vietnam
42%
Denmark (Greenland)
38%

Score Distribution

Percentile by Number Answered

Percent of People with Each Score

Your Score History

You have not taken this quiz